000 00312nam a22001337a 4500
008 181023b xxu||||| |||| 00| 0 eng d
020 _a9780374527518
041 _aeng
080 _a941
100 _a16
101 _ahis
245 _aThe Secret Husory Of American Merocracy
_cLemann.N
942 _2udc
_cBK
999 _c50657
_d50657